000 00627nam a2200229 a 4500
999 _c9365
_d9365
001 9365
003 BD-JhCC
005 20180313180152.0
008 180313r19611966bg |||| |||| 000 0 eng d
035 _a(BD-JhCC)9365
040 _aBD-JhCC
_dBD-JhCC
041 _aeng
082 _26
_a320.014
_bRAH 1966
100 _aRahman, Hafiz Habibur
245 _aBeginners civics /
_cHafiz Habibur Rahman
260 _aDacca :
_bIDEAL PUBLICATIONS,
_c1966.
300 _a456 p.:
_c23 cm.
500 _aPart 1- principles of civics and part 2-civics of pakistan
650 _aCivics
942 _2ddc
_cBK